00271nam a2200109Ia 4500008004100000100001900041245003200060250000800092260004400100300000900144650000800153191201s2010 xx 000 0 und d aMAHESHWARI,S.N 0aIntroduction to Accountancy aRep aN. DelhibVikas Publication Housec2010 aMISC aBBA